| 000 | 00695nam a2200205 i 4500 | ||
|---|---|---|---|
| 001 | 40281 | ||
| 003 | ES-MaACL | ||
| 005 | 20250829041754.0 | ||
| 007 | t| | ||
| 008 | 030305s1971 sp ||||1| spa d | ||
| 100 | 1 |
_aCarrasco Arauz, Norberto. _935542 |
|
| 245 | 1 | 0 |
_aGanivet / _cNorberto Carrasco Arauz. |
| 260 |
_a[Madrid] : _bEpesa [Ediciones y Publicaciones Españolas], _c[1971] |
||
| 300 |
_a193 p. ; _c17 cm. |
||
| 490 | 1 |
_aGrandes escritores contemporáneos ; _v44 |
|
| 600 | 1 | 4 |
_aGanivet, Ángel, _d1865-1898- _xCrítica e interpretación _953866 |
| 830 | 0 | 0 |
_aGrandes escritores contemporáneos (Epesa) _v44 _9180697 |
| 852 |
_aES-MaACL _jC-41645 |
||
| 999 |
_c40281 _d40281 |
||